| 000 | 00780nam a22002657a 4500 | ||
|---|---|---|---|
| 001 | BR8007421 | ||
| 003 | BR-BrBNA | ||
| 005 | 20241219174506.0 | ||
| 007 | ta | ||
| 008 | 230509b bl.||||| |||| 00| 0 por d | ||
| 040 |
_aBR-BrBNA _bpor _cBiblioteca Nacional de Agricultura |
||
| 041 | _a(Por) | ||
| 072 |
_aC00; E50 _b/G514 |
||
| 090 |
_a C00 BR8007421 _b2024-8434 |
||
| 110 | 1 |
_aMinisterio da Educacao e Cultura, Brasilia, DF (Brasil) _97005 |
|
| 245 | 1 | _aPrograma nacional de acoes socio-educativas e culturais para o meio rural [Brasil] | |
| 260 | 3 |
_aBrasilia, DF (Brasil): _c1980. |
|
| 300 | _a70 p. | ||
| 500 | _a9 tables; 5 illus. | ||
| 650 | _aZONA RURAL | ||
| 650 | _aDESENVOLVIMENTO COMUNITARIO | ||
| 650 | _aAGRICULTURA | ||
| 650 | _aENSINO | ||
| 942 |
_cBK _2AGRIS |
||
| 999 |
_c30916 _d30916 |
||